Normal view MARC view
  • Shneiderman, Ben,

Entry Personal Name

Number of records used in: 2

001 - CONTROL NUMBER

  • control field: 34906

003 - CONTROL NUMBER IDENTIFIER

  • control field: OSt

005 - DATE AND TIME OF LATEST TRANSACTION

  • control field: 20140122151810.0

008 - FIXED-LENGTH DATA ELEMENTS

  • fixed length control field: 140122|| aca||aabn | a|a d

040 ## - CATALOGING SOURCE

  • Original cataloging agency: OSt

100 1# - HEADING--PERSONAL NAME

  • Personal name: Shneiderman, Ben,
  • Dates associated with a name: 1947-